England County Quiz - Greater London - Statistics

General Stats
  • This quiz has been taken 260 times
  • The average score is 13 of 15
Answer Stats
Hint Answer % Correct
The UK's busiest airport, situated in the west of the county Heathrow
98%
The UK's second longest river which flows through the capital Thames
94%
Iconic bascule and suspension bridge over London's river, completed in 1894 {Tower} Bridge
94%
Home of the England national football team, the FA Cup Final, Football League Cup Final and other major sporting events Wembley Stadium
93%
Luxury department store located on Brompton Road in Knightsbridge Harrods
91%
Electronic smartcard payment method for public transport in London {Oyster} Card
91%
World's leading museum of art, design and performance with a collection of over 2 million objects Victoria & {Albert}
91%
Palace in which the two houses of the UK Parliament meet Westminster
88%
Large peninsula on the above river, which includes the Canary Wharf district Isle of {Dogs}
86%
Hampton Court Palace was built for Cardinal Thomas Wolsey, in the 16th century but later given to this monarch Henry VIII
85%
Major tourist attraction, displaying the waxworks of famous and historical figures Madame Tussauds
82%
Actor and filmmaker of the silent era, born in Walworth; known for playing 'The Tramp' Charlie Chaplin
79%
Richmond district in which the Royal Botanic Gardens is located Kew
76%
Line of longitude which passes through the Royal Observatory in Greenwich {Prime} Meridian
70%
Main thoroughfare running south from Trafalgar Square towards Parliament Square, and the location of the Cenotaph Whitehall
43%
No matching quizzes found
Score Distribution
Percent of People with Each Score
Percentile by Number Answered
Your Score History
You have not taken this quiz